Swan Lake / (Record no. 137366)

MARC details
000 -CABECERA
campo de control de longitud fija 02036ngm a22004694i 4500
001 - NÚMERO DE CONTROL
campo de control 991061312107406706
003 - IDENTIFICADOR DEL NÚMERO DE CONTROL
campo de control ES-BaIT
005 - FECHA Y HORA DE LA ÚLTIMA TRANSACCIÓN
campo de control 20260413130730.0
008 - DATOS DE LONGITUD FIJA--INFORMACIÓN GENERAL
campo de control de longitud fija 250408s2003 xxu||| |-|||||q|| vleng|c
024 1# - IDENTIFICADOR DE OTROS ESTÁNDARES
Número estándar o código 089948426196
028 40 - NÚMERO DE EDITOR O DISTRIBUIDOR
Número de editor o de distribuidor 4261
Fuente VAI
040 ## - FUENTE DE LA CATALOGACIÓN
Centro catalogador/agencia de origen ES-BaIT
Lengua de catalogación cat
Normas de descripción rda
Centro/agencia transcriptor ES-BaIT
080 ## - NÚMERO DE LA CLASIFICACIÓN DECIMAL UNIVERSAL
Número de la Clasificación Decimal Universal 793.4(086.8)
130 0# - ENTRADA PRINCIPAL--TÍTULO UNIFORME
Título uniforme Lebedinoe ozero (Coreografia : Ivanov i Petipa)
9 (RLIN) 169249
245 10 - MENCIÓN DE TÍTULO
Título Swan Lake /
Mención de responsabilidad, etc. Tchaikovsky ; The Bolshoi Theatre; starring Maya Plisetskaya & Nicolai Fadeyechev ; conductor Yuri Fayer ; director Z. Tulubyeva ; choreography: Petipà, Ivanov
264 #1 - PRODUCCIÓN, PUBLICACIÓN, DISTRIBUCIÓN, FABRICACIÓN Y COPYRIGHT
Producción, publicación, distribución, fabricación y copyright Pleasantville, NY :
Nombre del de productor, editor, distribuidor, fabricante Video Artists International,
Fecha de producción, publicación, distribución, fabricación o copyright [2003]
264 #4 - PRODUCCIÓN, PUBLICACIÓN, DISTRIBUCIÓN, FABRICACIÓN Y COPYRIGHT
Fecha de producción, publicación, distribución, fabricación o copyright ©2003
300 ## - DESCRIPCIÓN FÍSICA
Extensión 1 videodisc (80 min):
Otras características físicas color, so ;
Dimensiones 19 cm
336 ## - TIPO DE CONTENIDO
Término de tipo de contenido imatge en moviment bidimensional
Código de tipo de contenido tdi
Fuente rdacontent
336 ## - TIPO DE CONTENIDO
Término de tipo de contenido música executada
Código de tipo de contenido prm
Fuente rdacontent
337 ## - TIPO DE MEDIO
Nombre/término del tipo de medio vídeo
Código del tipo de medio v
Fuente rdamedia
338 ## - TIPO DE SOPORTE
Nombre/término del tipo de soporte videodisc
Código del tipo de soporte vd
Fuente rdacarrier
344 ## - CARACTERÍSTICAS DE SONIDO
Tipo de grabación digital
Medio de grabación òptic
Configuración de los canales de reproducción del sonido mono
Características especiales de reproducción Dolby digital 5.1
Fuente rda
347 ## - CARACTERÍSTICAS DEL ARCHIVO DIGITAL
Tipo de archivo fitxer vídeo
Formato de codificación DVD vídeo
Codificación regional totes les regions
Fuente rda
500 ## - NOTA GENERAL
Nota general Gravació original de 1957 editada per Sovesportfilm
500 ## - NOTA GENERAL
Nota general Format de pantalla (4:3)
508 ## - NOTA DE CRÉDITOS DE CREACIÓN O PRODUCCIÓN
Nota de créditos de creación o producción Conductor, Yuri Fayer ; director, Z. Tulubyeva
511 1# - NOTA DE PARTICIPANTES O INTÉRPRETES
Nota de participantes o intérpretes Ballarins: Maya Plisetskaya (Odette / Odile), Nicolai Fadeyechev (Prince Siegfried), V. Levachev (Rothbart), V. Khomyakov (Jester)
525 ## - NOTA DE SUPLEMENTO
Nota de suplemento Inclou bonus amb l'obra "The Dying Swan" de Maya Plisestkaya
650 #4 - PUNTO DE ACCESO ADICIONAL DE MATERIA--TÉRMINO DE MATERIA
Término de materia o nombre geográfico como elemento de entrada Dansa clàssica
Subdivisión general Coreografies
9 (RLIN) 56589
655 #4 - TÉRMINO DE INDIZACIÓN--GÉNERO/FORMA
Datos o término principal de género/forma Dansa filmada
9 (RLIN) 168293
700 1# - ENTRADA AGREGADA--NOMBRE PERSONAL
Nombre de persona Txaikovski, Piotr Ílitx,
Fechas asociadas al nombre 1840-1893
Término indicativo de función/relación compositor
9 (RLIN) 55328
700 1# - ENTRADA AGREGADA--NOMBRE PERSONAL
Nombre de persona Plisetskaya, Maya
Término indicativo de función/relación ballarí
9 (RLIN) 39479
700 1# - ENTRADA AGREGADA--NOMBRE PERSONAL
Nombre de persona Fadeyechev, Nicolai
Término indicativo de función/relación ballarí
9 (RLIN) 101252
700 1# - ENTRADA AGREGADA--NOMBRE PERSONAL
Nombre de persona Petipa, Marius,
Fechas asociadas al nombre 1818-1910
Término indicativo de función/relación coreògraf
9 (RLIN) 55719
700 1# - ENTRADA AGREGADA--NOMBRE PERSONAL
Nombre de persona Ivanov, Lev,
Fechas asociadas al nombre 1834-1901
Término indicativo de función/relación coreògraf
9 (RLIN) 162409
710 2# - ENTRADA AGREGADA--NOMBRE DE ENTIDAD CORPORATIVA
Nombre de entidad corporativa o nombre de jurisdicción como elemento de entrada Bolshoi teatr SSSR.
Unidad subordinada Orkestr
Término indicativo de función/relación intèrpret
9 (RLIN) 104795
710 2# - ENTRADA AGREGADA--NOMBRE DE ENTIDAD CORPORATIVA
Nombre de entidad corporativa o nombre de jurisdicción como elemento de entrada Bolshoi teatr SSSR.
Unidad subordinada Balet
Término indicativo de función/relación ballarí
9 (RLIN) 94184
908 ## - COLOCAR PARÁMETRO DE COMANDO (RLIN)
Colocar parámetro de comando CDMAE
940 ## - EQUIVALENCIA O REFERENCIA-CRUZADA--TÍTULO UNIFORME [OBSOLETO] [solamente CAN/MARC]
Título uniforme <a href="CDMAE">CDMAE</a>
942 ## - ELEMENTOS DE ENTRADA AGREGADA (KOHA)
Fuente del sistema de clasificación o colocación Clasificación decimal universal
Tipo de ítem Koha Vídeo
Holdings
Estado de retiro Estado de pérdida Fuente del sistema de clasificación o colocación Estado dañado No para préstamo Localización permanente Ubicación/localización actual Ubicación en estantería Fecha de adquisición Fuente de adquisición Total de préstamos Signatura topográfica completa Código de barras Fecha visto por última vez Precio válido a partir de Tipo de ítem Koha
    Clasificación decimal universal     Biblioteca Barcelona Biblioteca Barcelona BCN Vídeo 13/04/2026 Donatiu   V-DB LLA 1900089801 13/04/2026 13/04/2026 Vídeo

Powered by Koha